000 01336nam a2200253Ia 4500
999 _c36786
_d36786
001 2726
003 GE_BSU
005 20221027140125.0
008 181216s2011ru xx |||||||||||||| ||rus||
020 _a9789941200199
040 _cGE_BSU
041 _arus
080 _a622.24 В-18
100 _aВаршаломидзе, Гурам.
_915586
245 _aОсновы технологии обработки буровых и цементных растворов.
_bМонография = საბურღი და ცემენტის ხსნარების დამუშავების ტექნოლოგიის საფუძვლები = Fundamentals of technology of drilling and cement muds treatment /
_c Гурам Варшаломидзе, Гл. ред. Г. Берая.
264 _aТбилиси :
_bТехнический ун-т,
_c2011.
300 _a68 с.:
_b 24 cм.
_cил. ;
500 _aБиблиогр.: с. 662-668.
653 _aТехнологии обработки буровых и цементных растворов
653 _aსაბურღი ხსნარები
653 _aცემენტის ხსნარები
700 _aБерая, Г.
_eმთავარი რედაქტორი
_915587
942 _cBK
_2udc